000 00752nam a2200265Ia 4500
003 OSt
005 20221007110553.0
006 a|||||r|||| 00| 0
007 ta
008 221006b |||||||| |||| 00| 0 eng d
020 _a0024751707
024 _a21,364
037 _cTextual
040 _aLCO
_cLCO
_beng
041 _2eng
_aeng
082 _aY:45, M3
100 _aHudzik John K.
_9707655
245 0 _aPlanning in Criminal Justice Organizations and Systems
260 _aNew
_bYork MacMillian Publishing Co., Inc, U.S.A.
_c1983
300 _a309
650 _aCRIMINAL JUSTICE
_9695785
700 _a Cordner Gary W.
_9707656
942 _hY:45, M3
_cTEXL
999 _c1190927
_d1190927